| 000 | 00000nam 2200000za 4500 |
| 001 | 9.576396 |
| 003 | CaOODSP |
| 005 | 20210624185123 |
| 007 | cr ||||||||||| |
| 008 | 150406|1992||||xxc|||||o f|0| 0 eng d |
| 040 | |aCaOODSP|beng |
| 043 | |an-cn--- |
| 086 | 1 |aJS74-3/9-1992E-PDF |
| 245 | 00|aOccupational health and safety |h[electronic resource] : |ban employer perspective. |
| 260 | |aOttawa : |bRoyal Canadian Mounted Police External Review Committee, |cc1992. |
| 300 | |a56 p. |
| 490 | 1 |aDiscussion paper series ; |v9 |
| 500 | |aIncorrect Cat. No. (JS62-78/1992) and ISBN (0-662-58868-1) printed on this publication. |
| 590 | |a13-11-Supp|b2013-04-26 |
| 710 | 1 |aCanada. |bRoyal Canadian Mounted Police External Review Committee. |
| 775 | 08|tLa santé et la sécurité au travail |w(CaOODSP)9.605607 |
| 830 | #0|aDiscussion paper series (Royal Canadian Mounted Police External Review Committee)|v9|w(CaOODSP)9.507473 |
| 856 | 40|ahttp://publications.gc.ca|qPDF|s139 KB|uhttps://publications.gc.ca/collections/collection_2013/cee-erc/JS74-3-9-1992-eng.pdf|y9 |